UBT Library

THE YEAR BOOK OF NEUROLOGY AND NEUROSURGERY (Record no. 38809)

000 -LEADER
fixed length control field 00284nam a22001217a 4500
008 - FIXED-LENGTH DATA ELEMENTS--GENERAL INFORMATION
fixed length control field 171207b xxu||||| |||| 00| 0 eng d
041 ## - LANGUAGE CODE
Language code of text/sound track or separate title eng
080 ## - UNIVERSAL DECIMAL CLASSIFICATION NUMBER
Universal Decimal Classification number 616.8
100 ## - Rafti
Rafti 26
101 ## - Shkurtesa
Shkurtesa NEU
245 ## - TITLE STATEMENT
Title THE YEAR BOOK OF NEUROLOGY AND NEUROSURGERY
Statement of responsibility, etc VERMA,A
942 ## - ADDED ENTRY ELEMENTS (KOHA)
Source of classification or shelving scheme
Item type Books

No items available.

UBT Library © 2015-2024. All rights reserved University Education for Business and Technology